00761nam a2200205 i 450000100060000000300090000600500170001500700030003200800410003524501370007625000150021326000390022830000220026770000280028970000370031770000300035485200320038499900170041695201220043365949ES-MaACL20230906165518.0t|040123s1968 sp ||||1| spa d03aEl futuro del catolicismo / cYvonne Lubbock ... [et al.] ; introducción de Michael de la Bedoyere ; [versión José Luis Lana]. a[1ª ed.]. aBarcelona : bNova Terra, c[1968] a295 p. ; c19 cm.1 aLubbock, Yvonne.9744951 aDe la Bedoyere, Michael.91708531 aLana, José Luis.969884 aES-MaACLjC-56800 bR.67035 c65949d65949 00104070aATENEOMbATENEOMcDEPO2d2008-01-17eSCl0oC-56800p1069089r2023-02-23 00:00:00w2023-02-23yMONOGRAFIA